| 000 | 00472nam a2200169Ia 4500 | ||
|---|---|---|---|
| 005 | 20250327145610.0 | ||
| 008 | 231217s9999 xx 000 0 und d | ||
| 020 | _a9788122410761 | ||
| 082 | _a621.38131 KUM;2 R1 | ||
| 100 | _aKumar, A. | ||
| 245 | 0 | _aMicrowave techniques transmission lines | |
| 250 | _a1st ed | ||
| 260 |
_c1998 _bNew Age International _acentral library |
||
| 300 | _axii, 264 | ||
| 650 | _aMicrowave,techniques,transmission,lines | ||
| 942 | _cAA | ||
| 999 |
_c188076 _d188076 |
||